Revista internacional de salud, bienestar y sociedad

שמור ב:
מידע ביבליוגרפי
מחבר תאגידי: Common Ground Publishing
פורמט: אלקטרוני כתב-עת
שפה:ספרדית
יצא לאור: Madrid : Common Ground Publishing España
Champaign IL : Common Ground Publ
גישה מקוונת:Available in Fuente Académica Plus.
תגים: הוספת תג
אין תגיות, היה/י הראשונ/ה לתייג את הרשומה!

MARC

LEADER 00000nas a22000002i 4500
001 ebs78568569e
003 EBZ
006 m d ||||||
007 cr|unu||||||||
008 161209c20149999ilufr p o | b0spa
022 |a 2386-7507  |y 2474-5219 
035 |a (EBZ)ebs78568569e 
040 |a DLC   |b eng   |d EBZ 
042 |a pcc nsdp 
130 0 |a Revista internacional de salud, bienestar y sociedad (Online) 
222 1 0 |a Revista internacional de salud, bienestar y sociedad 
245 0 0 |a Revista internacional de salud, bienestar y sociedad  |h [electronic resource]. 
264 1 |a Madrid :  |b Common Ground Publishing España 
264 3 1 |3 <2015->:  |a Champaign IL :  |b Common Ground Publ 
310 |a Twice a year 
362 1 |a Began with: Volume 1, issue 1 (2014). 
710 2 |a Common Ground Publishing. 
773 0 |t Fuente Académica Plus   |d EBSCO 
776 0 8 |i Print version:  |t Revista internacional de salud, bienestar y sociedad  |x 2474-5219  |w (DLC) 2016203966  |w (OCoLC)959737042 
856 4 0 |3 Full text available: Mar 2023-.  |z Available in Fuente Académica Plus.  |u https://researchs.unach.elogim.com/direct.asp?db=fap&jid=N8UE&scope=site 
901 |a Academic Journal